000 01516cam a2200133 4500500
005 20251214004345.0
041 _afre
042 _adc
100 1 0 _aSchnakenbourg, Éric
_eauthor
245 0 0 _aLe monde atlantique : Un espace en mouvement XVe-XVIIIe siècle
260 _bArmand Colin,
_c2021.
520 _aAvec les découvertes portugaises du XVe siècle, le monde atlantique devient un creuset où se rencontrent des capitaux, une demande et un imaginaire européens ; une main-d’œuvre en Afrique et des ressources à exploiter en Amérique. Cette convergence inédite génère différents phénomènes : le colonialisme, le développement économique et commercial, mais aussi d’importantes migrations, volontaires ou contraintes, et constitution de nouvelles identités. L’océan Atlantique devient ainsi un espace unique de circulations, d’échanges, d’interactions, pacifiques ou violentes, et donc d’ouvertures, pour le meilleur ou pour le pire, vers des horizons lointains. Loin des polémiques et tout à fait inédit, cet ouvrage permet de saisir de manière globale la nature, la diversité et l’ampleur des bouleversements qui affectent le monde atlantique sur quatre siècles, jusqu’aux élans révolutionnaires de la fin du XVIIIe siècle, et comment est née une véritable identité atlantique, faite de confrontations autant que d'échanges et de partage.
856 4 1 _uhttps://shs.cairn.info/le-monde-atlantique--9782200627997?lang=fr&redirect-ssocas=7080
999 _c1568483
_d1568483